Educational performance of sceduled castes / (Record no. 122971)
[ view plain ]
| 000 -LEADER | |
|---|---|
| fixed length control field | 00814nam a22002417a 4500 |
| 005 - DATE AND TIME OF LATEST TRANSACTION | |
| control field | 20170124105918.0 |
| 010 ## - LIBRARY OF CONGRESS CONTROL NUMBER | |
| LC control number | A-943822 |
| 020 ## - INTERNATIONAL STANDARD BOOK NUMBER | |
| International Standard Book Number | 8176480223 |
| Terms of availability | 00 |
| 035 ## - SYSTEM CONTROL NUMBER | |
| System control number | A-943822 |
| 037 ## - SOURCE OF ACQUISITION | |
| Source of stock number/acquisition | Cen Lib/Ret |
| 040 ## - CATALOGING SOURCE | |
| Original cataloging agency | DPL |
| Language of cataloging | EN |
| 082 ## - DEWEY DECIMAL CLASSIFICATION NUMBER | |
| Classification number | 371.82625 |
| Item number | KIN |
| 100 ## - MAIN ENTRY--PERSONAL NAME | |
| Personal name | Kinjaram, Ramaiah |
| 9 (RLIN) | 29903 |
| 245 ## - TITLE STATEMENT | |
| Title | Educational performance of sceduled castes / |
| Statement of responsibility, etc | by Ramaiah Kinjaram |
| 246 ## - VARYING FORM OF TITLE | |
| Remainder of title | |
| 260 ## - PUBLICATION, DISTRIBUTION, ETC. (IMPRINT) | |
| Name of publisher, distributor, etc | APH Publishing Corporation |
| Date of publication, distribution, etc | 1998 |
| Place of publication, distribution, etc | New Delhi |
| 270 ## - ADDRESS | |
| City | New Delhi |
| Address | 5, ansari road dariya ganj |
| Postal code | 110002 |
| 300 ## - PHYSICAL DESCRIPTION | |
| Extent | xvi, 163p. |
| Dimensions | 21cm(Hb) |
| 500 ## - GENERAL NOTE | |
| General note | Includes appendix, bibliographical references and index |
| 650 ## - SUBJECT ADDED ENTRY--TOPICAL TERM | |
| Topical term or geographic name as entry element | Higher Education |
| General subdivision | Sceduled castes |
| 9 (RLIN) | 29904 |
| 650 ## - SUBJECT ADDED ENTRY--TOPICAL TERM | |
| Topical term or geographic name as entry element | Socio-Economic Status |
| General subdivision | Schedule castes |
| 9 (RLIN) | 29905 |
| 942 ## - ADDED ENTRY ELEMENTS (KOHA) | |
| Source of classification or shelving scheme | Dewey Decimal Classification |
| Koha item type | English Books |
| Classification part | 371.82625 |
| Call number suffix | KIN |
| Withdrawn status | Lost status | Source of classification or shelving scheme | Damaged status | Not for loan | Collection code | Home library | Current library | Date acquired | Source of acquisition | Cost, normal purchase price | Total Checkouts | Full call number | Barcode | Date last seen | Copy number | Cost, replacement price | Price effective from | Koha item type | Public note |
|---|---|---|---|---|---|---|---|---|---|---|---|---|---|---|---|---|---|---|---|
| Written off | Dewey Decimal Classification | Non-fiction | Central Library | Central Library | 01/06/2015 | Cen Lib/Ret | 0.00 | 371.82625 KIN | A-943822 | 01/06/2015 | 1 | 0.00 | 15/09/2016 | English Books | W/d List No. 6890/24 ; dtd 14/09/2020 | ||||
| Not For Loan | Reference | Central Library | Central Library | 31/07/2015 | Cen Lib/Ret | 300.00 | 371.82625 KIN | A-943823 | 31/07/2015 | 2 | 300.00 | 31/07/2015 | English Books |
